| 000 | 00458nam a2200157 i 4500 | ||
|---|---|---|---|
| 001 | 33506 | ||
| 003 | ES-MaACL | ||
| 005 | 20230906154754.0 | ||
| 007 | t| | ||
| 008 | 030202s1978 ag ||||1| spa d | ||
| 100 | 1 |
_aBietti, Oscar. _928829 |
|
| 245 | 1 | 0 |
_aEzequiel Martínez Estrada / _cOscar Bietti. |
| 260 |
_a[Buenos Aires] : _bMinisterio de Cultura y Educación, _c[1978] |
||
| 300 |
_a333 p., 2 lám. ; _c20 cm. |
||
| 852 |
_aES-MaACL _jA-10920 _bR.100474 |
||
| 999 |
_c33506 _d33506 |
||